000 00439nam a2200181Ia 4500
008 230512s9999 xx 000 0 und d
041 _aeng
082 _a5.432
100 _aROSEN K.H / HOST D.A / FARBER J.M
245 _aUNIX : THE COMPLETE REFERENCE
250 _a1
260 _bT M H PUB. CO. NEW DELHI 110008
300 _a1302
365 _b382
500 _aPaper Back
520 _aReference Copy
650 _aComputer
999 _c402110
_d402110